000 00575nam a2200217 i 4500
001 C2-0016650
003 PPAK
005 20190630221941.0
008 970202s1992 si a|||| ||||| | eng d
040 _aPPAK
_beng
_cPPAK
_erda
082 0 4 _a428.6
_223
090 0 0 _a428.6
_bBOA
_dK
245 0 4 _aThe boastful monkey
264 1 _aSingapore :
_bEPB Pub. ,
_c1992
300 _a[16 pages] :
_bcolour illustrations ;
_c25 cm
336 _2rdacontent
_atext
337 _2rdamedia
_aunmediated
338 _2rdacarrier
_avolume
650 1 0 _aReaders (Primary)
942 _ddc
_cB
999 _c3963
_d3963